Los Tormentos de la materia: aportes para una ecología política latinoamericana /
Se desarrolla un ejercicio analítico que busca discutir las políticas ambientales brasileñas contemporáneas a la luz del modelo llamado realismo, procurando describir a los actores e intereses en juego, sus razones y lógicas propias. Se destaca, en particular, seis mecanismos especialmente exacerbad...
Spremljeno u:
| Glavni autor: | |
|---|---|
| Daljnji autori: | |
| Format: | Tekst |
| Izdano: |
Buenos Aires:
CLACSO
|
| Teme: | |
| Oznake: |
Dodaj oznaku
Bez oznaka, Budi prvi tko označuje ovaj zapis!
|
MARC
| LEADER | 00000 a a2200000 04500 | ||
|---|---|---|---|
| 001 | 33481 | ||
| 003 | |||
| 040 | |||
| 020 | |a 987-1183-37-2 | ||
| 090 | |a 1001 A411t | ||
| 100 | |a Alimonda, Héctor | ||
| 245 | |a Los Tormentos de la materia: aportes para una ecología política latinoamericana / |c Héctor Alimonda | ||
| 260 | |a Buenos Aires: |b CLACSO | ||
| 300 | |a 274 p. | ||
| 520 | |a Se desarrolla un ejercicio analítico que busca discutir las políticas ambientales brasileñas contemporáneas a la luz del modelo llamado realismo, procurando describir a los actores e intereses en juego, sus razones y lógicas propias. Se destaca, en particular, seis mecanismos especialmente exacerbados a partir del llamado proceso de globalización: la reconfiguración del ámbito político la elaboración simbólica de una pos - democracia consensual la guerra ambiental favorecida por la competencia interlocal las dimensiones ambientales de la inserción internacional de la circulación de mercancías la intensificación de los riesgos ambientales asociados a la desregulación y la acentuación de las desigualdades socioambientales | ||
| 650 | |a POLITICA AMBIENTAL | ||
| 650 | |a GRUPOS DE INTERES | ||
| 650 | |a PARTICIPACION DEL ESTADO | ||
| 650 | |a BRASIL | ||
| 700 | |a comp. | ||
| 999 | |c 12245 |d 12245 | ||



